The baby-sitters club: (Record no. 177638)

MARC details
000 -LEADER
fixed length control field 00923nam a22002417a 4500
005 - DATE AND TIME OF LATEST TRANSACTION
control field 20210407153147.0
010 ## - LCCN (DPL NO)
LC control number B-739237-239 B-739717
020 ## - INTERNATIONAL STANDARD BOOK NUMBER
International Standard Book Number 9789390189205
Terms of availability 499.00
035 ## - SYSTEM CONTROL NUMBER
System control number B-739237-239
035 ## - SYSTEM CONTROL NUMBER
System control number B-739717
037 ## - SOURCE OF ACQUISITION
Source of stock number/acquisition Scholastic
037 ## - SOURCE OF ACQUISITION
Source of stock number/acquisition Gift
082 ## - DEWEY DECIMAL CLASSIFICATION NUMBER
Classification number N
100 ## - MAIN ENTRY--PERSONAL NAME
Personal name Martin, Ann M.
245 ## - TITLE STATEMENT
Title The baby-sitters club:
Remainder of title mary anne saves the day part-3 /
Statement of responsibility, etc by Ann M. Martin [and] Raina Telgemeier
260 ## - PUBLICATION, DISTRIBUTION, ETC. (IMPRINT)
Place of publication, distribution, etc New York
Name of publisher, distributor, etc Scholastic
Date of publication, distribution, etc 2020
270 ## - ADDRESS
Address 557 Broadway
City New York
Postal code NY 10012
300 ## - PHYSICAL DESCRIPTION
Extent 154p.:
Dimensions 21cm(pbk)
Other physical details ill.
700 ## - ADDED ENTRY--PERSONAL NAME
Personal name Telgemeier, Raina
942 ## - ADDED ENTRY ELEMENTS (KOHA)
Source of classification or shelving scheme Dewey Decimal Classification
Item type Children Books
Classification part N
Call number suffix MAR
Holdings
Withdrawn status Lost status Not for loan Collection code Home library Current library Date acquired Source of acquisition Cost, normal purchase price Full call number Barcode Copy number Cost, replacement price Koha item type Public note
      Fiction Central Library Central Library 07/04/2021 Gift/Eng/05-04-2021 499.00 N MAR B-739717 1 499.00 Children Books Gift
      Fiction Mobile Library Mobile Library 18/03/2021 Scholastic/LB-M-00154HQ/09-03-2021/24/03-03-2021/15-03-2021 499.00 N MAR B-739237 3 499.00 Children Books  
      Fiction Mobile Library Mobile Library 18/03/2021 Scholastic/LB-M-00154HQ/09-03-2021/24/03-03-2021/15-03-2021 499.00 N MAR B-739238 3 499.00 Children Books  
      Fiction Mobile Library Mobile Library 18/03/2021 Scholastic/LB-M-00154HQ/09-03-2021/24/03-03-2021/15-03-2021 499.00 N MAR B-739239 3 499.00 Children Books  

© Delhi Public Library
Hit Counter
free hit counter